Cristo, Sacramento del encuentro con Dios /

Gardado en:
Detalles Bibliográficos
Autor Principal: Schillebeeckx, Edward (autor)
Outros autores: Bazterrica, Víctor (traducción) (traducción)
Formato: Libro
Idioma:Lingua castelá
Publicado: Bilbao, España : Dinor, 1971, c1971
Edición:6a edición
Series:(Brújula Dinor ; 1)
Temas:
Etiquetas: Engadir etiqueta
Sen Etiquetas, Sexa o primeiro en etiquetar este rexistro!

MARC

LEADER 00000nam^a2200000^a^4500
001 000210961
005 20250529190502.0
009 20260310103408.368
035 |a 004298 
037 |a Acervo Xavier Clavigero 
041 |a ESP 
082 |a 256. 0  |b SCH 
100 |a Schillebeeckx, Edward  |e (autor) 
240 1 1 |a [Cristo, Sacramento del encuentro con Dios] 
245 1 0 |a Cristo, Sacramento del encuentro con Dios /  |c E. Schillebeeckx ; tr. por V. Bazterrica. 
250 |a 6a edición 
264 4 |a Bilbao, España :  |b Dinor,  |c 1971, c1971 
300 |a 299 p. 
336 |a texto  |b txt  |2 rdacontenido 
337 |a sin mediación  |b n  |2 rdamedio 
338 |a volumen  |b nc  |2 rdasoporte 
440 1 |a (Brújula Dinor ;  |v 1) 
500 |a Traducción de: De Christusontmoeting als Sacrament der Godsontmoeting 
649 |a XX 
650 |a Jesucristo -  |x Tema Principal 
650 |a Dios y Hombre -  |x Tema Principal 
650 |a Iglesia Católica 
650 |a Eucaristía -  |x Tema Principal 
650 |a Sacramentos 
650 |a Cristología 
650 |a Teología Doctrinal 
650 |a Liturgia Cristiana 
650 |a Catolicismo 
650 |a Cristianismo 
650 |a Religión 
700 |a Bazterrica, Víctor  |e (traducción) 
910 |a Fondo General 
920 |a Impresos - Libros 
930 |a Colección General 
905 |a 101 
901 |a 004298  |b IT1  |c ACC  |u 20250521 
902 |a https://opac.biblio.iteso.mx/vufind/Record/000210961